Score 0/12 Timer 02:00
0 Plays Today
Scramble Answer % Correct
NEM NI KLACBMen in Black
96.7%
CKBA OT ETH REUTFUBack to the Future
92.7%
ETH ODOG HET DBA DNA TEH GLYUThe Good, The Bad and the Ugly
91.7%
NI EHT EAHT FO TEH GHINTIn the Heat of the Night
90.1%
EERTH LILW EB DOBOLThere Will Be Blood
76.3%
TOH BUT MEIT CHIMEANHot Tub Time Machine
74.2%
AYJ NAD LETNSI OBB KEIRTS CABKJay and Silent Bob Strike Back
69%
CESNDA THWI VOWELSDances with Wolves
63.7%
PAYPH LIGREMOHappy Gilmore
58.2%
ITHS SI PLAINS PATThis is Spinal Tap
54.7%
CACESRAFScarface
37%
ETH ANM OHW HOTS BETRYLI LANECVAThe Man Who Shot Liberty Valance
29.8%
Remove Ads.
Support Sporcle.
Get the best of Sporcle when you Go Orange. This ad-free experience offers more features, more stats, and more fun while also helping to support Sporcle. Thank you for becoming a member.

You're not logged in!

Compare scores with friends on all Sporcle quizzes.
OR
Log In

Show Comments

Extras

Top Quizzes Today


Score Distribution

Your Account Isn't Verified!

In order to create a playlist on Sporcle, you need to verify the email address you used during registration. Go to your Sporcle Settings to finish the process.

Report this User

Report this user for behavior that violates our Community Guidelines.

Details: